Evaluación tecnológica del área de refinado (Sub-áreas de secado, blanqueado y desodorizado) de la industria aceitera GRACSA.
Comprende una evaluación tecnológica de los principales equipos de las sub áreas de secado, blanqueado y desodorizado de la industria aceitera GRACSA. Entre los aspectos tomados en cuenta a evaluar fueron la eficiencia térmica y el consumo de vapor en los calentadores y blanqueadores, así como...
| Main Authors: | , |
|---|---|
| Other Authors: | |
| Format: | Tesis Section = Libro |
| Language: | Undetermined Spanish |
| Published: |
Managua
UNI
1999
|
| Subjects: |
| LEADER | 01213nam a2200253Ia 4500 | ||
|---|---|---|---|
| 008 | 240830s9999 xx 000 0 und d | ||
| 040 | |a CEDOC DACA-RUSB / Mon 625.0283 S182 | ||
| 041 | |a spa | ||
| 082 | |a Mon 625.0283 S182 | ||
| 100 | 1 | |a Salvatierra Vargas, Mario Ernesto | |
| 100 | 1 | |b Cájina Macías, Carlos José | |
| 245 | 1 | 0 | |a Evaluación tecnológica del área de refinado (Sub-áreas de secado, blanqueado y desodorizado) de la industria aceitera GRACSA. |
| 260 | |a Managua |b UNI |c 1999 | ||
| 300 | |a 106 p. :il | ||
| 502 | |a Tesis (Ingeniero Químico) -UNI, 1999. | ||
| 520 | 3 | |a Comprende una evaluación tecnológica de los principales equipos de las sub áreas de secado, blanqueado y desodorizado de la industria aceitera GRACSA. Entre los aspectos tomados en cuenta a evaluar fueron la eficiencia térmica y el consumo de vapor en los calentadores y blanqueadores, así como también la eficiencia cualitativa del desodorizador y los tanques flash. | |
| 650 | 7 | |a REFINACION | |
| 650 | 7 | |b INDUSTRIA OLEAGINOSAS. | |
| 650 | 7 | |c BLANQUEO. | |
| 650 | 7 | |d PROCEDIMIENTO DE EVAPORACION Y SECADO | |
| 700 | 1 | |a Tutor: |b Ramírez Meza, Javier | |
| 942 | |c BK |2 ddc | ||
| 991 | |a TESIS | ||
| 999 | |c 26255 | ||